01748nam a2200433 i 450000100060000000300080000600500170001400600190003100700150005000800410006502000180010602000280012403500220015204000310017405000240020508000140022908200160024310000440025924501340030326400750043730000410051233600290055333700330058233800390061550400290065458800830068359001620076665000380092865000400096665000360100665000250104265000470106765000360111465500270115070000390117779700180121685600630123499900170129781642FINmELB20241217151847.0m o u cr cn|||||||||221128s2018 ck ob 000 0 spa d z9789588988290 a9789588988306q(e-book) a(OCoLC)1355702803 aFINmELBbspaerdacFINmELB14aHE199.C7bC824 2018 a656.025.404a388.0442231 aCorrea Restrepo, Juan Santiago,eautor.10aParo nacional camionero del 2016 :bun estudio de caso sobre el impacto en precios /cJuan Santiago Correa R., Edgardo Cayón F. 1aBogotá :bColegio de Estudios Superiores de Administración,c2018. a1 recurso en línea (125 páginas) atextobtxt2rdamedia/spa acomputadorabc2rdamedia/spa arecurso en línea2rdacarrier/spa aContiene bibliografía. aDescripción basada en metadatos suministrados por el editor y otras fuentes. aRecurso electrónico. Santa Fe, Arg.: elibro, 2022. Disponible vía World Wide Web. El acceso puede estar limitado para las bibliotecas afiliadas a elibro. 0aFreight and freightagezColombia. 0aTrucksxEconomic aspectszColombia. 0aGeneral Strike, Colombia, 2016. 4aTransporte de carga. 4aCamionesxAspectos económicoszColombia. 4aHuelga general, Colombia, 2016. 4aLibros electrónicos.1 aCayón Fallón, Edgardo,eautor.2 aelibro, Corp.40uhttps://elibro.net/ereader/politecnicointernacional/222479 c81642d81642